Bienvenue à la E-Bibliothèque de l’UEH

Bénéficiez l'accès à des milliers de ressources en ligne

Essai sur la morale d’Auguste Comte / (notice nᵒ 1606)

détails MARC
000 -LEADER
fixed length control field 00888 a2200289 4500
001 - CONTROL NUMBER
control field OB-pulg-317
003 - CONTROL NUMBER IDENTIFIER
control field FrMaCLE
005 - DATE AND TIME OF LATEST TRANSACTION
control field 20251214082541.0
007 - PHYSICAL DESCRIPTION FIXED FIELD--GENERAL INFORMATION
fixed length control field cu ||||||m||||
008 - FIXED-LENGTH DATA ELEMENTS--GENERAL INFORMATION
fixed length control field 130521e||||||||xx |||||s|||||||||0|fr|d
020 ## - INTERNATIONAL STANDARD BOOK NUMBER
International Standard Book Number 978-2-8218-2882-7
024 7# - OTHER STANDARD IDENTIFIER
Standard number or code 10.4000/books.pulg.317
Source of number or code doi
040 ## - CATALOGING SOURCE
Original cataloging agency FR-FrMaCLE
041 ## - LANGUAGE CODE
Language code of text/sound track or separate title fra
100 1# - MAIN ENTRY--PERSONAL NAME
Personal name Rutten, Christian
245 10 - TITLE STATEMENT
Title Essai sur la morale d’Auguste Comte /
Statement of responsibility, etc. Christian Rutten.
260 ## - PUBLICATION, DISTRIBUTION, ETC.
Place of publication, distribution, etc. Liège :
Name of publisher, distributor, etc. Presses universitaires de Liège,
Date of publication, distribution, etc. 2013.
300 ## - PHYSICAL DESCRIPTION
Extent 263 p.
500 ## - GENERAL NOTE
General note Ebook
540 ## - TERMS GOVERNING USE AND REPRODUCTION NOTE
Terms governing use and reproduction OpenEdition Books License
Uniform Resource Identifier <a href="https://www.openedition.org/12554">https://www.openedition.org/12554</a>
650 #4 - SUBJECT ADDED ENTRY--TOPICAL TERM
Topical term or geographic name entry element Philosophy
Topical term or geographic name entry element positivisme
Topical term or geographic name entry element éthique
Topical term or geographic name entry element physique sociale
776 ## - ADDITIONAL PHYSICAL FORM ENTRY
International Standard Book Number 978-2-251-66199-5
856 4# - ELECTRONIC LOCATION AND ACCESS
Data provenance Rutten, Christian
Uniform Resource Identifier <a href="https://books.openedition.org/pulg/317">https://books.openedition.org/pulg/317</a>
Link text Essai sur la morale d’Auguste Comte

Pas d'exemplaire disponible.

Bibliothèque universitaire de l'UEH
Portail centralisé donnant accès au catalogue, aux ressources numériques et aux productions scientifiques de l’Université d’État d’Haïti.

Plateformes institutionnelles

  • Dépôt institutionnel UEH
  • Revues scientifiques UEH
  • GED institutionnelle
  • UEH enseignement à distance

Contact

  • Adresse : 21 Rue Rivière, Port-au-Prince
  • Email : bibliotheque@ueh.edu.ht
  • Téléphone : +509 22-45-68-43 / 22-45-68-44
  • Heures : Lundi–Vendredi 8h–16h
© 2026 UEH – E-Bibliothèque de l’Université d’État d’Haïti | À propos | Confidentialité | Conditions | Mentions légales | Accessibilité | Plan du site | Contact